000 00206nam a2200097Ia 4500
008 240331s9999 xx 000 0 und d
082 _bDix
100 _aDixit, J.N
245 0 _aAssignment Colombo
942 _cL
999 _c2559
_d2559